Kérdések - Feleletek

Elmentve itt :
Bibliográfiai részletek
Szerzők: Scultéty Andor
Nagy Szeder István
Ecsedi István
Takáts Lajos
Dokumentumtípus: Cikk
Megjelent: 1932
Sorozat:Népünk és nyelvünk 4
Kulcsszavak:Néprajztudomány
Online Access:http://acta.bibl.u-szeged.hu/19786
LEADER 00658nab a2200205 i 4500
001 acta19786
005 20210712094924.0
008 161015s1932 hu o 0|| hun d
040 |a SZTE Egyetemi Kiadványok Repozitórium  |b hun 
041 |a hun 
100 1 |a Scultéty Andor 
245 1 0 |a Kérdések - Feleletek  |h [elektronikus dokumentum] /  |c  Scultéty Andor 
260 |c 1932 
300 |a 97-98 
490 0 |a Népünk és nyelvünk  |v 4 
695 |a Néprajztudomány 
700 0 2 |a Nagy Szeder István  |e aut 
700 0 2 |a Ecsedi István  |e aut 
700 0 2 |a Takáts Lajos  |e aut 
856 4 0 |u http://acta.bibl.u-szeged.hu/19786/1/nepunk_004_097-098.pdf  |z Dokumentum-elérés